| 000 | 00354nam a22001457a 4500 | ||
|---|---|---|---|
| 003 | SGT | ||
| 082 |
_a616.024 _bS22M |
||
| 100 | _aMALIK, NAVDEEP | ||
| 245 | _aSTUDY OF THYROID PROFILE AND LIPID PROFILE IN TYPE 2 DIABETES MELLITUS | ||
| 260 |
_aGURUGRAM _bSGT UNIVERSITY _c2022 |
||
| 300 | _a76 | ||
| 650 | _aMEDICINE | ||
| 653 | _aM.D | ||
| 942 |
_2ddc _cTH |
||
| 999 |
_c26579 _d26579 |
||